Meilensteine und Entwicklungen der KI
| Titel: | Meilensteine und Entwicklungen der KI : Technische Herausforderungen sowie aktuelle ethische, soziale und gesellschaftspolitische Fragestellungen / von Markus H. Dahm, Carsten Hagemann |
|---|---|
| Verfasser: | ; |
| Ausgabe: | 1st ed. 2024 |
| Veröffentlicht: | Wiesbaden : Springer Fachmedien Wiesbaden, 2024 |
| Umfang: | 1 Online-Ressource (XI, 62 Seiten) : 24 Abb., 13 Abb. in Farbe. |
| Format: | E-Book |
| Sprache: | Deutsch |
| Mehrbändiges Werk: | Kompakt |
| Andere Ausgaben: |
Erscheint auch als Druck-Ausgabe: Dahm, Markus H. Meilensteine und Entwicklungen der KI. - Wiesbaden : Springer Fachmedien Wiesbaden, 2024
|
| ISBN: | 9783658452421 ; 3658452420 ; 9783658452414 |
| Hinweise zum Inhalt: |
Inhaltsverzeichnis
Ausführliche Beschreibung |
alg: 52030251 001A $06055:02-08-24 001B $01999:02-04-26 $t23:19:33.000 001D $06055:02-08-24 001U $0utf8 001X $00 002@ $0Oax 002C $aText $btxt $2rdacontent 002D $aComputermedien $bc $2rdamedia 002E $aOnline-Ressource $bcr $2rdacarrier 003@ $0520302516 004A $A978-3-658-45242-1 004A $03-658-45242-0 004E/04 $0SpringerNature-11775 $fSubject Collection Business and Economics (German Language) 004O $A978-3-658-45241-4 $Sp 004P $010.1007/978-3-658-45242-1 $SV424 007A $0520302516 $aHEB 007I $0Springer978-3-658-45242-1 009P $qtext/html $3Inhaltsverzeichnis $uhttp://scans.hebis.de/HEBCGI/show.pl?52030251_toc.html $mX:DE-He213 009P $qtext/html $3Ausführliche Beschreibung $uhttp://scans.hebis.de/HEBCGI/show.pl?52030251_aub.html $mX:DE-He213 009Q $SV424 $uhttps://doi.org/10.1007/978-3-658-45242-1 $xR 010@ $ager 010E $erda 011@ $a2024 017B $aZDB-2-SWI 021A $aMeilensteine und Entwicklungen der KI $dTechnische Herausforderungen sowie aktuelle ethische, soziale und gesellschaftspolitische Fragestellungen $hvon Markus H. Dahm, Carsten Hagemann 028A $aDahm $BVerfasser $dMarkus H $4aut 028C $aHagemann $BVerfasser $dCarsten $4aut 032@ $a1st ed. 2024 033A $pWiesbaden $nSpringer Fachmedien Wiesbaden 033E $pCham $nSpringer International Publishing AG 034D $a1 Online-Ressource (XI, 62 Seiten) 034M $a24 Abb., 13 Abb. in Farbe. 036G $aKompakt $x2947-6232 039D $aErscheint auch als $tMeilensteine und Entwicklungen der KI $dWiesbaden $eSpringer Fachmedien Wiesbaden $f2024 $z978-3-658-45241-4 $lDahm, Markus H $nDruck-Ausgabe 044A $aBusiness $S#0 $N650 044A $aManagement science $S#0 $N650 044A $aArtificial intelligence $S#0 $N650 044A $aBusiness and Management $S14 $N650 044A $aArtificial Intelligence $S24 $N650 044K $RIntelligenz $#Artificial intelligence $#Intelligence artificielle $#Intelligenza artificiale $#Inteligencia artificial $#Artificial Intelligence $#Künstliche Intelligenz $#künstliche Intelligenz $#Künstliche Intelligenz $#Artificial intelligence $#Computerunterstützte Intelligenz $#Maschinelle Intelligenz $#KI Informatik $74033447-8 $8Künstliche Intelligenz [Ts1] $908508932X 045B $a650 $eDDC23eng 045E $c004 047A $aSacherschließung maschinell aus paralleler Ausg. übernommen lok: 52030251 3 101B $027-08-24 $t17:15:58.000 101C $027-08-24 101U $0utf8 145S/01 $a008 exp: 52030251 3 1 #EPN 201B/01 $027-08-24 $t17:13:08.000 201C/01 $002-08-24 201U/01 $0utf8 203@/01 $01267951524 204P/01 $010.1007/978-3-658-45242-1 $SV424 208@/01 $a02-08-24 $bl 209B/01 $a502 $x05 lok: 52030251 5 exp: 52030251 5 1 #EPN 201B/01 $002-08-24 $t23:38:20.984 201C/01 $002-08-24 201U/01 $0utf8 203@/01 $01267951532 204P/01 $010.1007/978-3-658-45242-1 $SV424 208@/01 $a02-08-24 $bl lok: 52030251 8 exp: 52030251 8 1 #EPN 201B/01 $002-08-24 $t23:38:20.987 201C/01 $002-08-24 201U/01 $0utf8 203@/01 $01267951540 204P/01 $010.1007/978-3-658-45242-1 $SV424 208@/01 $a02-08-24 $bl lok: 52030251 10 exp: 52030251 10 1 #EPN 201B/01 $002-08-24 $t23:38:20.990 201C/01 $002-08-24 201U/01 $0utf8 203@/01 $01267951559 204P/01 $010.1007/978-3-658-45242-1 $SV424 208@/01 $a02-08-24 $bl lok: 52030251 11 exp: 52030251 11 1 #EPN 201B/01 $002-08-24 $t23:38:20.992 201C/01 $002-08-24 201U/01 $0utf8 203@/01 $01267951567 204P/01 $010.1007/978-3-658-45242-1 $SV424 208@/01 $a02-08-24 $bl lok: 52030251 20 exp: 52030251 20 1 #EPN 201B/01 $002-08-24 $t23:38:20.995 201C/01 $002-08-24 201U/01 $0utf8 203@/01 $01267951575 204P/01 $010.1007/978-3-658-45242-1 $SV424 208@/01 $a02-08-24 $bl lok: 52030251 21 exp: 52030251 21 1 #EPN 201B/01 $002-08-24 $t23:38:20.997 201C/01 $002-08-24 201U/01 $0utf8 203@/01 $01267951583 204P/01 $010.1007/978-3-658-45242-1 $SV424 208@/01 $a02-08-24 $bl lok: 52030251 23 exp: 52030251 23 1 #EPN 201B/01 $002-08-24 $t23:38:21.001 201C/01 $002-08-24 201U/01 $0utf8 203@/01 $01267951591 204P/01 $010.1007/978-3-658-45242-1 $SV424 208@/01 $a02-08-24 $bl lok: 52030251 49 exp: 52030251 49 1 #EPN 201B/01 $002-08-24 $t23:38:21.004 201C/01 $002-08-24 201U/01 $0utf8 203@/01 $01267951605 204P/01 $010.1007/978-3-658-45242-1 $SV424 208@/01 $a02-08-24 $bl lok: 52030251 204 exp: 52030251 204 1 #EPN 201B/01 $002-08-24 $t23:38:21.008 201C/01 $002-08-24 201U/01 $0utf8 203@/01 $01267951613 204P/01 $010.1007/978-3-658-45242-1 $SV424 208@/01 $a02-08-24 $bl lok: 52030251 205 exp: 52030251 205 1 #EPN 201B/01 $013-12-24 $t12:07:21.000 201C/01 $002-08-24 201U/01 $0utf8 203@/01 $01267951621 204P/01 $010.1007/978-3-658-45242-1 $SV424 208@/01 $a02-08-24 $bla 209B/01 $aebo $x05 209B/01 $aspw $x06 209C/01 $anel2412qa
| LEADER | 00000cam a22000002c 4500 | ||
|---|---|---|---|
| 001 | 520302516 | ||
| 003 | DE-603 | ||
| 005 | 20260402231933.0 | ||
| 007 | cr|||||||||||| | ||
| 008 | 240802s2024 xx |||| o| u00||u|ger c | ||
| 020 | |a 9783658452421 | ||
| 020 | |a 3658452420 | ||
| 024 | 7 | |a 10.1007/978-3-658-45242-1 |2 doi | |
| 028 | 5 | 2 | |a SpringerNature-11775 |
| 035 | |a (DE-599)HEB520302516 | ||
| 040 | |a DE-603 |b ger |c DE-603 |d DE-603 |e rda | ||
| 041 | |a ger | ||
| 082 | 7 | |a 650 |2 23/eng | |
| 084 | |a 004 |q DE-101 |2 sdnb | ||
| 100 | 1 | |a Dahm, Markus H |e Verfasser |4 aut | |
| 245 | 0 | 0 | |a Meilensteine und Entwicklungen der KI |b Technische Herausforderungen sowie aktuelle ethische, soziale und gesellschaftspolitische Fragestellungen |c von Markus H. Dahm, Carsten Hagemann |
| 250 | |a 1st ed. 2024 | ||
| 264 | 1 | |a Wiesbaden |b Springer Fachmedien Wiesbaden |c 2024 | |
| 264 | 2 | |a Cham |b Springer International Publishing AG | |
| 300 | |a 1 Online-Ressource (XI, 62 Seiten) |b 24 Abb., 13 Abb. in Farbe. | ||
| 336 | |a Text |b txt |2 rdacontent | ||
| 337 | |a Computermedien |b c |2 rdamedia | ||
| 338 | |a Online-Ressource |b cr |2 rdacarrier | ||
| 490 | 0 | |a Kompakt |x 2947-6232 | |
| 650 | 7 | |a Künstliche Intelligenz |0 (DE-588)4033447-8 |0 (DE-603)08508932X |2 gnd | |
| 700 | 1 | |a Hagemann, Carsten |e Verfasser |4 aut | |
| 776 | 0 | 8 | |i Erscheint auch als |n Druck-Ausgabe |a Dahm, Markus H |t Meilensteine und Entwicklungen der KI |d Wiesbaden : Springer Fachmedien Wiesbaden, 2024 |z 9783658452414 |
| 776 | 1 | |z 9783658452414 | |
| 856 | |u https://doi.org/10.1007/978-3-658-45242-1 |x Resolving-System | ||
| 856 | 4 | 2 | |m X:DE-He213 |q text/html |u http://scans.hebis.de/HEBCGI/show.pl?52030251_toc.html |3 Inhaltsverzeichnis |
| 856 | 4 | 2 | |m X:DE-He213 |q text/html |u http://scans.hebis.de/HEBCGI/show.pl?52030251_aub.html |3 Ausführliche Beschreibung |
| 912 | |a ZDB-2-SWI | ||
| 924 | 1 | |9 603 |a (DE-603)1267951524 |b DE-603 |c HES |d d | |
| 924 | 1 | |9 603 |a (DE-603)1267951532 |b DE-603 |c HES |d d | |
| 924 | 1 | |9 603 |a (DE-603)1267951540 |b DE-603 |c HES |d d | |
| 924 | 1 | |9 603 |a (DE-603)1267951559 |b DE-603 |c HES |d d | |
| 924 | 1 | |9 603 |a (DE-603)1267951567 |b DE-603 |c HES |d d | |
| 924 | 1 | |9 603 |a (DE-603)1267951575 |b DE-603 |c HES |d d | |
| 924 | 1 | |9 603 |a (DE-603)1267951583 |b DE-603 |c HES |d d | |
| 924 | 1 | |9 603 |a (DE-603)1267951591 |b DE-603 |c HES |d d | |
| 924 | 1 | |9 603 |a (DE-603)1267951605 |b DE-603 |c HES |d d | |
| 924 | 1 | |9 603 |a (DE-603)1267951613 |b DE-603 |c HES |d d | |
| 924 | 1 | |9 603 |a (DE-603)1267951621 |b DE-603 |c HES |d d | |